Posłowie Ruchu Narodowego w X kadencji Sejmu - Statystyki

Ogólne statystyki
  • Ten quiz został rozwiązany 17 razy
  • Średni wynik to 5 z 7
Statystyki odpowiedzi
Poseł na Sejm % Poprawnych
Karina Bosak
100%
Krzysztof Bosak
100%
Krzysztof Tuduj
63%
Witold Tumanowicz
63%
Krzysztof Mulawa
50%
Michał Wawer
50%
Krzysztof Szymański
38%
Nie znaleziono quizów pasujących do podanych kryteriów
Rozkład punktacji
Procent ludzi z każdym wynikiem
Percentyl według liczby udzielonych odpowiedzi
Twoja historia wyników
Nie rozwiązałeś tego quizu